000 04745nam a2200541Ia 4500
001 dia_6499
003 CHAP
005 20240718112859.0
007 ta
008 220117s2017 mx bdeofrm 001 0 spa d
010 _a178810
040 _cCHAP
_amxchpua
041 0 _aspa
_beng
090 _aTesis
_bG37
_c2017
100 1 _aGarcés Mendoza, Rafael
240 1 0 _aManuals for quality control-milk traceability for collection centers, in Margarita project in the Altos de Jalisco.
_lEspañol
245 1 0 _aManuales del control de calidad-trazabilidad de la leche, para centros de acopio en proyecto Margarita en los Altos de Jalisco /
_cRafael Garcés Mendoza
264 _aChapingo, México :
_bEl autor,
_c2017
300 _aca.150 hojas :
_bmapas, gráficas, diagramas, tablas, fotos, planos +
_e1 CD-ROM
336 _2rdacontent
_atexto
_btxt
337 _2rdamedia
_ano mediado
_bn
338 _2rdacarrier
_avolumen
_bnc
500 _aEl CD contiene reporte, artículo y seminario
502 _aInforme de Estancia Preprofesional
_b(Ingeniero Agroindustrial) --
_cUACh. Departamento de Ingeniería Agroindustrial,
_d2017
504 _aBibliografía: hojas 40-43
520 3 _aEl presente trabajo fue realizado en un periodo de 6 meses comprendidos de julio a diciembre de 2016, en la empresa Centro de Servicios Integrales para el Desarrollo de la Ganadería Altos Sur S.R.P de R.L, cuya actividad principal es el acopio y acondicionamiento de leche que se destina a la planta de Danone de México S.A de C.V. El objetivo general del trabajo de estancia preprofesional fue: Controlar la calidad de la leche en toda la cadena de abasto hasta su destino final (Campo - Centro de Acopio - Planta), así como su trazabilidad, mediante el desarrollo de manuales de procedimientos y Análisis de Riesgos, dando como resultado los Procesos Operativos Estandarizados de Sanitización (POE´s) y los Procesos de Operación Estándar que forman parte del manual de procedimientos que fomentara y fortalecerá la aplicación de Buenas Practicas de Higiene y Buenas Prácticas de Manufactura, así como un sistema de registro y documentación de la trazabilidad del proceso de colecta que abarca toda la cadena de suministro de leche. Se espera que el trabajo realizado permita contribuir a atender y solucionar la problemática e indirectamente en el mejoramiento de la empresa, así como concientizar a los actores involucrados en el centro de acopio y Proyecto Margarita de la importancia que tiene el trabajo y su implementación en pro de la empresa. --
520 3 _aThe present work was carried out in a period of 6 months from July, December, 2016, in the company Centro de Servicios Integrales para el Desarrollo de la Ganadería Altos Sur S.R.P de R.L, whose main activity is the collection and conditioning of milk destined to the plant of Danone de México S.A de C.V. The general objective of the work pre-vocational stay was to: Control the quality of milk throughout the supply chain to its final destination (Field - Collection Center - Plant), through the development of procedure manuals and Risk Analysis, and Its traceability. Resulting in the Sanitation Standard Operating Procedures (POE's) and Standard Operating Processes that are part of the procedures manual that will promote and strengthen the application of Good Hygiene Practices and Good Manufacturing Practices, as well as a system of registration and documentation of the traceability of the collection process that spans the entire supply chain of milk. It is expected that the work done to contribute to address and solve the problem and indirectly, the improvement of the company, as well as raise awareness among the actors involved in the collection center and Margarita Project of the importance of the work and its implementation in pro of the company.
650 1 3 _aControl de calidad
_xManuales
_2atg
650 1 3 _aIndustria láctea
_2atg
_zMéxico
_zJalisco
650 1 3 _aInocuidad alimentaria
_2atg
650 1 3 _aLeche
_2atg
650 1 3 _aTrazabilidad
_2atg
650 1 3 _aMilk
_2atg
650 1 3 _aFood safety
_2atg
650 1 3 _aMilk industry
_zMexico
_zJalisco
650 1 3 _aQuality contol
_xManuals, textbooks, etc.
_2atg
650 1 3 _aTraceability
_2atg
700 1 _aMartínez Mosqueda, Francisco
_edirector
700 1 _aCovarrubias Gutiérrez, Ignacio
_easesor
700 1 _aVelázquez Castillo, Alejandra
_easesor
856 4 1 _uhttp://10.13.5.2/tesis/sist113656.pdf
_yDESCARGAR PDF
901 _aTESIS G37 2017
902 _aM
905 _a5232272017 mx nml 8223223322spa16
942 _cTESIS
_2Clasificación Universidad Autónoma Chapingo
999 _c178810
_d178810